| 000 | 02099cam a22003974i 4500 | ||
|---|---|---|---|
| 003 | PE-LiUPU | ||
| 005 | 20250731184103.0 | ||
| 008 | 150623s r 000 0 d | ||
| 020 | _a8495312972 | ||
| 035 | _a(Sirsi) i9788495312976 | ||
| 040 |
_aPE-LiUPU _bspa _cPE-LiUPU _erda |
||
| 049 | _aPRUA | ||
| 082 | 0 | 4 |
_a808.02 _bP45 _221 |
| 100 | 1 |
_aPérez, Santos, _eautor. |
|
| 245 | 1 | 0 |
_aManual del escritor de tesis, tesinas y proyectos / _cSantos Pérez. |
| 264 | 1 |
_aMadrid, España : _bInversiones Editoriales Dossat 2000, _c2002. |
|
| 300 |
_a383 páginas : _bilustraciones, cuadros, diagrámas, tablas ; _c24 centímetros |
||
| 336 |
_atext _2rdacontent |
||
| 337 |
_aunmediated _2rdamedia |
||
| 338 |
_avolume _2rdacarrier |
||
| 505 | 0 | _aLa elaboración del trabajo escrito: Introducción. El proceso de investigación. Internet y la investigación. Búsqueda de materiales. La redacción. La presentación escrita: La presentación escrita. Los preliminares. El cuerpo de la obra. Las citas en el texto. Notas al pie de página. La bibliografía. Cuadros estadísticos y material del ordenador. Material gráfico. Los apéndices. El manuscrito y la imprenta. Para redactar en estilo español. La puntuación. El acento. Las mayúsculas. Los números y los numerales. Abreviaturas y siglas. Nombres propios, barbarismos y neologismos. Algunas precisiones gramaticales. | |
| 526 | _aP145 | ||
| 526 | _aP127 | ||
| 526 | _aP97 | ||
| 526 | _aP14 | ||
| 526 | _aP07 | ||
| 650 | 0 | 4 |
_aArte de escribir _xManual. |
| 650 | 0 | 4 |
_aBibliotecas _xServidores. |
| 650 | 0 | 4 | _aTécnicas de redacción. |
| 942 |
_2ddc _cBOOK |
||
| 949 |
_a808.02 P45 _wDEWEY _c1 _i52438 _d2016-3-23 _e2016-3-21 _lCCODEBUL1 _mBUL _n1 _p65.00 _r0 _sY _tBOOK _u2015-6-24 _xEDUCACION _zUNKNOWN _0COMPRA _o.STAFF. Colección General |
||
| 994 |
_aC0 _bPEPRU |
||
| 596 | _a1 | ||
| 999 |
_a808.02 P45 _wDEWEY _c34271 _i52438 _d34271 _e2016-3-21 _f2021-11-9 _g5 _lCCODEBUL1 _mBUL _n1 _p65.00 _r0 _sY _tBOOK _u2015-6-24 _xEDUCACION _zUNKNOWN _0COMPRA _o.STAFF. Colección General |
||
| 980 |
_81 _gALBERTO SANCHEZ Responsable de Automatización |
||